000 00779cam a2200265 4500
008 090401t1991 xxu||||| |||| 00| 0 eng d
020 _a1870254058
035 _a(Sirsi) u60307
041 _aeng
050 _a001.64404
100 _aWebber, Sheila
245 _aUKOLUG quick guide to online commands.
260 _aLondon
_bUK Online User Group
_c1991
300 _aix,82p. ; 30cm.
350 _a12
520 _aUK Online User Group is a special interest group of the Institute of Information Scientists.
650 _aDATABASES
650 _aONLINE SEARCHING
650 _aSEARCHING
690 _aMANAGEMENT-BUSINESS MANAGEMENT-PROFESSIONAL PRACTICE
700 _aBaile, Chris
710 _aUK Online User Group
_9933
942 _n0
948 _c04/03/1997
999 _c94223
_d94223